000 00685nam a2200181Ia 4500
008 090124s9999 xx 000 0 und d
082 _b28176
_a1874
100 _aपंडित विद्यासागर / अभंग रंजना
245 _a वैद्यकीय उपकरणे
250 _a1
260 _c1995
300 _a124+6
600 _aपंडित विद्यासागर / अभंग रंजना
630 _a वैद्यकीय उपकरणे
700 _aपंडित विद्यासागर / अभंग रंजना
730 _a वैद्यकीय उपकरणे
942 _cBOOK
999 _c141637
_d141637